Antología de textos para hacer oración y para la predicación
Uloženo v:
| Hlavní autor: | |
|---|---|
| Médium: | Kniha |
| Jazyk: | španělština |
| Vydáno: |
Madrid
Ediciones Palabra
1983
|
| Vydání: | 4a. ed |
| Témata: | |
| Tagy: |
Přidat tag
Žádné tagy, Buďte první, kdo vytvoří štítek k tomuto záznamu!
|
MARC
| LEADER | 00000cam a2200000 a 4500 | ||
|---|---|---|---|
| 001 | UCD0881 | ||
| 003 | CL-VaPUC | ||
| 008 | 151218e19830000sp |||||||||||||||||spa|d | ||
| 020 | |a 847118348X | ||
| 082 | 0 | 4 | |a 251 |b FER |2 21 |
| 100 | 0 | |a Fernández Carvajal, Francisco |e author |9 583911 | |
| 245 | 1 | 0 | |a Antología de textos para hacer oración y para la predicación |
| 250 | |a 4a. ed | ||
| 300 | |a 1626 p | ||
| 942 | |c BK | ||
| 945 | |d 20151218 14:15:00 |a gsalatino | ||
| 260 | |a Madrid |b Ediciones Palabra |c 1983 | ||
| 650 | 0 | |a Predicación |9 398079 | |
| 650 | 0 | |a Oración |9 313348 | |
| 650 | 7 | |a SERMONES Y PLATICAS |2 CL-VaPUC |9 507365 | |
| 650 | 0 | |a Espiritualidad |9 267331 | |
| 650 | 0 | |a Antología |9 327336 | |
| 583 | |a last modification |c 20151218 14:15:00 |k Rodrigo Vera | ||
| 999 | |c 362318 |d 362316 | ||
| 952 | |0 0 |1 0 |3 erd |4 0 |6 251_000000000000000_FER_1983 |7 0 |8 A |9 473384 |a BIBTEO |b BIBTEO |i 5274397 |o 251 FER 1983 |p 5274397 |r 2025-01-17 |w 2019-11-24 |y BK |z Catalogado en:20151218 |k ICR | ||
| 952 | |0 0 |1 0 |3 erd |4 0 |6 251_000000000000000_FER_1983 |7 0 |8 A |9 473385 |a BIBTEO |b BIBTEO |i 5274885 |o 251 FER 1983 |p 5274885 |r 2025-01-17 |w 2019-11-24 |y BK |z Catalogado en:20151218 |k ICR | ||